Formación y Capacitación CITGUA /
Gorde:
| Erakunde egilea: | |
|---|---|
| Formatua: | Liburua |
| Hizkuntza: | Spanish |
| Argitaratua: |
México D.F:
Ciencia y Tecnología para Guatemala
|
| Gaiak: | |
| Etiketak: |
Etiketa erantsi
Etiketarik gabe, Izan zaitez lehena erregistro honi etiketa jartzen!
|
MARC
| LEADER | 00000nam a22000007a 4500 | ||
|---|---|---|---|
| 003 | cru CIDCACS/IIS | ||
| 005 | 20200611062550.0 | ||
| 007 | ta | ||
| 008 | 200402n mx |||p|r||||||0| ||spa|d | ||
| 999 | |c 43051 |d 43051 | ||
| 040 | |c cru CIDCACS/IIS | ||
| 090 | |a REV0548 | ||
| 110 | 2 | |9 9210 |a Ciencia y Tecnología para Guatemala, CITGUA | |
| 245 | 1 | |a Formación y Capacitación CITGUA / |c Ciencia y Tecnología para Guatemala | |
| 260 | |a México D.F: |b Ciencia y Tecnología para Guatemala | ||
| 270 | |a México D.F.01000 |e Apdo. Postal 20-668, | ||
| 500 | |a EXISTENCIAS: 1989 6 (1) 1990 7 (2-3) 1991 8 (4) | ||
| 650 | 0 | |a MOVIMIENTOS SOCIALES |9 3 | |
| 650 | 0 | |9 1512 |a TRABAJADORES | |
| 650 | 0 | |9 2228 |a SINDICALISMO | |
| 650 | 0 | |9 8051 |a ORGANIZACIONES POPULARES | |
| 942 | |2 ddc |c PP | ||
